| 000 | 00570nam a2200217Ia 4500 | ||
|---|---|---|---|
| 003 | OSt | ||
| 005 | 20230502155034.0 | ||
| 008 | 210423s2020 xx 000 0 und d | ||
| 020 | _a978-3-662-61061-9 | ||
| 040 | _cAL | ||
| 041 | _aeng | ||
| 082 |
_a541.37 _223 _bKYRM |
||
| 100 |
_aKYRIACOU (Demetrios) _996390 |
||
| 245 | _aModern electroorganic chemistry | ||
| 260 |
_aNew York _bSpringer Verlag _c2020 |
||
| 300 |
_ax,228 _bHB |
||
| 365 |
_b1695 _cINR |
||
| 650 |
_aElectrochemistry _996391 |
||
| 906 | _achemistry ; electroorganic ; Modern | ||
| 942 |
_2ddc _cBK |
||
| 999 |
_c170718 _d170718 |
||